| 000 | 00592nam a2200181Ia 4500 | ||
|---|---|---|---|
| 003 | GCL | ||
| 008 | 140319s9999 xx 000 0 ara d | ||
| 040 |
_aGCL / _cGCL |
||
| 082 | 0 | 4 |
_a250 _bع ب |
| 100 | 1 | _aعبدالحميد كشك | |
| 245 | 1 | 0 |
_aبناء الاسرة المسلمة / _cعبدالحميد كشك |
| 260 |
_aالقاهرة : _bالمختار الاسلامى للطبع والنشر والتوزيع ، _c1988 |
||
| 300 |
_a219 ص ؛ _c24 سم |
||
| 490 | _a | ||
| 650 | 0 | 4 | _aالفقه الاسلامى |
| 650 | 0 | 4 | _aالاسرة فى الاسلام |
| 942 |
_2ddc _cBK |
||
| 999 |
_c53460 _d53460 |
||